Human resource management : a practical approach

Saved in:
Bibliographic Details
Main Author: Harris, Michael
Format: Book
Language:English
Published: Fort Worth : Dryden Press, c2000
Edition:2nd ed.
Subjects:
Tags: Add Tag
No Tags, Be the first to tag this record!

MARC

LEADER 00000cam a2200000 i 4500
001 1/15458
008 010119s2000 eng d
020 |a 0-03-025972-X 
035 |l 10065415 
040 |a GR-MY-UA  |b gre  |e aacr 
041 0 |a eng 
082 0 |a 658.3 
100 1 |a Harris, Michael. 
245 1 0 |a Human resource management :  |b a practical approach /  |c Michael Harris 
250 |a 2nd ed. 
260 |a Fort Worth :   |b Dryden Press,   |c c2000 
300 |a xxx, 528 p. 
504 |a Includes bibliographical references and index 
650 0 0 |a Personnel management. 
852 |a INST  |b CHIOS  |e 20010119  |h 658.3 HAR  |p 005200017286  |q 005200017286  |t BK  |y 0 
901 |a BIBL2-2001-1 
909 |a Χ  |b 083226 
970 |a ΣΠΕΝΤΖΑ  |b ΕΛΕΝΗ  |z 2001/01/19